书目信息 |
| 题名: |
数据结构习题与解析
|
|
| 作者: | 李春葆 编著 | |
| 分册: | A级 | |
| 出版信息: | 北京 清华大学出版社 2006 |
|
| 页数: | 357页 | |
| 开本: | 26cm | |
| 丛书名: | 十一五规划计算机主干课程辅导丛书 | |
| 单 册: | ||
| 中图分类: | TP311.12-44 | |
| 科图分类: | ||
| 主题词: | 数据结构 , 数据结构--解题--高等学校 | |
| 电子资源: | ||
| ISBN: | 7-302-13674-2 | |
| 000 | 01066nam0 2200289 450 | |
| 000 | 01072nam0 2200289 450 | |
| 000 | 00998nam0 2200265 450 | |
| 000 | 00962nam0 2200253 45 | |
| 005 | 20070606065001.57 | |
| 010 | @a7-302-13674-2@dCNY29.00 | |
| 100 | @a20070521d2006 em y0chiy0120 ea | |
| 101 | 0 | @achi |
| 102 | @aCN@b110000 | |
| 105 | @ay zq 000yy | |
| 200 | 1 | @a数据结构习题与解析@AShu Ju Jie Gou Xi Ti Yu Jie Xi@iA级@IA Ji@f李春葆编著@FLi Chun Bao Bian Zhu |
| 205 | @a3版 | |
| 210 | @a北京@c清华大学出版社@d2006 | |
| 215 | @a357页@d26cm | |
| 225 | 2 | @a十一五规划计算机主干课程辅导丛书 |
| 330 | @a本书按照课程的讲授顺序,阐述了线性表、栈和队列、串、数组和稀疏矩阵、递归、广义表、树形结构、图、查找、排序、文件等内容。每章都精选了大量习题,并对习题进行了详细、深入、透彻的分析。 | |
| 410 | 0 | @12001 @a十一五规划计算机主干课程辅导丛书 |
| 606 | 0 | @a数据结构 |
| 606 | 0 | @a数据结构@x解题@x高等学校 |
| 690 | @aTP311.12-44@v4 | |
| 701 | 0 | @a李春葆@ALi Chun Bao@f(1964.2~)@4编著 |
| 801 | 0 | @aCN@bTAOJIN@c20070606 |
| 905 | @a10447@dTP311.12-44@e279 | |
| 数据结构习题与解析.A级/李春葆编著.-3版.-北京:清华大学出版社,2006 |
| 357页;26cm.-(十一五规划计算机主干课程辅导丛书) |
| ISBN 7-302-13674-2:CNY29.00 |
| 本书按照课程的讲授顺序,阐述了线性表、栈和队列、串、数组和稀疏矩阵、递归、广义表、树形结构、图、查找、排序、文件等内容。每章都精选了大量习题,并对习题进行了详细、深入、透彻的分析。 |
| ● |
| 相关链接 |
|
|
|
|
正题名:数据结构习题与解析
索取号:TP311.12-44/279
 
预约/预借
| 序号 | 登录号 | 条形码 | 馆藏地/架位号 | 状态 | 备注 |
| 1 | 0525679 | 205256792 | 第二样本阅览室/ [索取号:TP311.12-44/279] | 在馆 | |
| 2 | 0525680 | 205256809 | 密集书库/ [索取号:TP311.12-44/279] | 在馆 | |
| 3 | 0525681 | 205256818 | 第三借阅区/ [索取号:TP311.12-44/279] | 在馆 | |
| 4 | 0525682 | 205256827 | 第三借阅区/ [索取号:TP311.12-44/279] | 在馆 | |
| 5 | 0525683 | 205256836 | 密集书库/ [索取号:TP311.12-44/279] | 在馆 | |
| 6 | 0525684 | 205256845 | 第三借阅区/ [索取号:TP311.12-44/279] | 在馆 | |
| 7 | 0525685 | 205256854 | 第三借阅区/ [索取号:TP311.12-44/279] | 在馆 | |
| 8 | 0525686 | 205256863 | 第三借阅区/ [索取号:TP311.12-44/279] | 在馆 |